000 00325nam a2200133Ia 4500
008 191201s2019 xx 000 0 und d
082 _a677.02832
_bLEH
100 _aLEWIN, menachem
245 0 _aHandbook of Fibres Chemistry
260 _aN.Delhi
_bMarcel Dekker
300 _a1083
650 _aB.Tech(TE)
942 _2ddc
_cBK
999 _c3879
_d3879